Central Library OPAC University of Rajshahi
Normal view MARC view

Entry Topical Term

Number of records used in: 1

001 - CONTROL NUMBER

  • control field: 753

003 - CONTROL NUMBER IDENTIFIER

  • control field: BD-RjUL

005 - DATE AND TIME OF LATEST TRANSACTION

  • control field: 20220116133753.0

008 - FIXED-LENGTH DATA ELEMENTS

  • fixed length control field: 220116|| aca||aabn | a|a d

040 ## - CATALOGING SOURCE

  • Original cataloging agency: BD-RjUL
  • Transcribing agency: BD-RjUL

150 ## - HEADING--TOPICAL TERM

  • Topical term or geographic name entry element: Arabs
  • Geographic subdivision: Spain

670 ## - SOURCE DATA FOUND

  • Source citation: Work cat.: (BD-RjUL)79188: مقري، أحمد بن محمد،‏ ;; Maqqarī, Aḥmad ibn Muḥammad, -1631 or 1632, author. 751, نفح الطيب من غصن الأندلس الرطيب وذكر وزيرها لسان الدين بن الخطيب / ;;; Nafḥ al-ṭīb min ghuṣn al-Andalus al-raṭīb wa-dhikr wazīrahā Lisān al-ddīn ibn al-Khaṭīb /